10 Famous People Named Walter - Statistics

General Stats
  • This quiz has been taken 255 times
  • The average score is 4 of 10
Answer Stats
Clue Answer % Correct
Mickey Mouse creator Walt Disney
98%
Protagonist of "Breaking Bad" Walter White
71%
American poet known as the "father of free verse" Walt Whitman
55%
Scottish novelist who wrote book such as "Ivanhoe" and "Waverley" Walter Scott
48%
Ronald Reagan's presidential rival who only won his own home state Walter Mondale
46%
CBS anchorman cited "the most trusted man in America" Walter Cronkite
39%
The Chicago Bears all-time leading running back Walter Payton
31%
Explorer who tried to find El Dorado, the mythical city of gold Walter Raleigh
29%
US Army physician who after whom the Army Medical Center was named Walter Reed
24%
Writer who said "When all men think alike, no one thinks very much" Walter Lippmann
2%
No matching quizzes found
Score Distribution
Percent of People with Each Score
Percentile by Number Answered
Your Score History
You have not taken this quiz